Statistics for Truncated Words #3

Click here to take the quiz!

General Stats

  • This quiz has been taken 166 times
    (76 since last reset)
  • The average score is 29 of 32

Answer Stats

HintAnswer% Correct
_atholi_Catholic
100%
_ickbac_Kickback
100%
_ntarctic_Antarctica
99%
_xcellenc_Excellence
99%
_alleluja_Hallelujah
99%
_etabolis_Metabolism
97%
_eporte_Reporter or Deported
97%
_esterda_Yesterday
97%
_etermine_Determined
96%
_merg_Emerge
96%
_adnes_Sadness
96%
_ournamen_Tournament
96%
_itroge_Nitrogen
94%
_orwegia_Norwegian
94%
_yllabu_Syllabus
94%
_orldvie_Worldview
94%
_haoti_Chaotic
93%
_elete_Deleted
91%
_omedi_Comedic
90%
_iamon_Diamond
90%
_ighty-nin_Eighty-nine
90%
_agl_Eagle
88%
_ubbe_Rubber
88%
_lagstaf_Flagstaff
87%
_ediu_Medium
84%
_usli_Muslim
82%
_adilla_Cadillac
79%
_icku_Pickup
76%
_angen_Tangent
76%
_ega_Legal
72%
_hili_Philip
62%
_ula_Gulag
57%

Score Distribution

Percentile by Number Answered

Percent of People with Each Score

Your Score History

You have not taken this quiz since the last reset